000 00907nam a2200253 a 4500
001
003 OSt
005 20230210101005.0
008 110331s2017 dr 000 0 spa d
040 _aDO-SdBNP
_bspa
_cBPMSU
082 4 _a923.57293
_bG633d 2017
_222
100 1 _aGómez, Máximo,
_d1836-1905
245 1 0 _aDiario de campaña de Máximo Gómez /
_cGómez, Máximo
260 _aSanto Domingo :
_bFundación Máxomo Gómez,
_c2017
300 _a487 p. ;
_c23 cm.
500 _aHomenaje al conmemorarse el centernario de la Guerra de los Diez Años
590 _aInventariado, 2021/VM
600 1 4 _aGómez, Máximo,
_d1836-1905
_vCorrespondencias, memorias, etc.
651 4 _aCuba
_xHistoria
_yGuerra de los Diez Años, 1868-1878
651 4 _aCuba
_xHistoria
_yGuerra de independencia, 1895-1898
710 2 _aFundación Máxomo Gómez (República Dominicana)
910 _aVmateo V.
942 _2ddc
_cBK
999 _c13733
_d13733